Štruktúra pracovnej skupiny a jej vplyv na skupinový výkon diplomová práca

Salvato in:
Dettagli Bibliografici
Autore principale: Kedrová, Jana
Ente Autore: Fakulta podnikového manažmentu EU. Katedra manažmentu
Altri autori: Mišún, Juraj, 1978-
Natura: Libro
Lingua:slovacco
Pubblicazione: Bratislava 2010
Tags: Aggiungi Tag
Nessun Tag, puoi essere il primo ad aggiungerne!!

MARC

LEADER 00000nam a2200000 4500
001 0119758
005 20240318123555.0
041 0 |a slo 
044 |a SK 
245 1 0 |a Štruktúra pracovnej skupiny a jej vplyv na skupinový výkon  |b diplomová práca  |c Jana Kedrová ; škol. Juraj Mišún 
264 1 |a Bratislava  |c 2010 
300 |a 85 s. 
100 1 |a Kedrová, Jana 
700 1 |a Mišún, Juraj, 1978- 
710 2 |a Fakulta podnikového manažmentu EU. Katedra manažmentu